1202 1102 1329 1752 1791 1491 1001 1962 1162 1864 1499 1115 1687 1509 1290 1587 1714 1319 1044 1111 1576 1344 1813 1023 1531 1620 1244 1139 1157 1201 1572 1941 1478 1329 1331 1358 1042 1484 1006 1830 1394 1567 1186 1571 1354 1791 1561 1212 1990 1562 1983 1227 1621 1880 1218 1165 1160 1252 1438 1690 1595 1719 1210 1195 1473 1521 1677 1481 1460 1926 1070 1291 1825 1578 1367 1055 1747 1117 1707 1157 1070 1636 1427 1044 1477 1565 1062 1779 1400 1149 1624 1729 1980 1328 1159 1866 1164 1977 1618 BCNSPRNW ULIB Ver.6.0+V

เปลี่ยนเป็นภาษาไทย

Change to English
 แสดงรายละเอียดบรรณานุกรม
  กลับหน้าหลัก

Brief Record : Get Marc (ISO 2709) : E-mail record : QR code < ปิดหน้าต่าง
LEADER : 00000nam 2200000uu 4500
001    13399113411
003     ULIB
008    020711s2553 th a 000 0 tha d
020    ^a9749749450167
099    ^aนว.ฬ111ด 2549
100    ^aฬีฬา
245    ^aดวงตาในดวงใจ/^cฬีฬา
250    ^aพิมพ์ครั้งที่ 1
260    ^aกรุงเทพฯ :^bยาหยี-ยาใจ,^c2549
300    ^a292 หน้า
710 1  ยาหยี-ยาใจ
945    ^p215^l0^i020198
995    ทศพร
999 ^a ^aวรรณษา ชูชัยมงคล
รายการนี้ยังไม่มีแท็ก
คุณยังไม่ได้ล็อกอิน คุณสามารถมีกิจกรรมร่วมกับเว็บไซต์ได้ แต่ต้องล็อกอินก่อน ::
  ล็อกอิน

รายการสื่อสารสนเทศ

ลำดับที่ ประเภท เลขเรียก/บาร์โค้ด สถานที่ สถานะ
1. นวนิยาย
นวนิยาย
นว.ฬ111ด 2549 ฉ.1 
  Barcode: 020198
ห้องสมุดวิทยาเขตสวรรค์ประชารักษ์
►นวนิยาย
บนชั้น
  ขอยืม

รายการใกล้เคียง
    ผู้แต่ง [ฬีฬา]

BibComment


ยังไม่เคยถูกคอมเมนท์

คอมเมนท์ทรัพยากรรายการนี้
  คอมเมนท์: ดวงตาในดวงใจ ฬีฬา


 Copyright 2026. Bcnsprnw @Library